000 00403nam a2200181Ia 4500
100 _aMatthew/neil/ Stones/R
650 _aLinux Programming
250 _a4
942 _cBK
366 _f25
654 _alinux programming
245 _aBeginning Linux programming
260 _bWrox Publications
_aNew Delhi
_c2008
082 _a5.133
_bMAT
300 _a780
546 _aENGLISH
999 _c21146
_d21146